000 00366 a2200157 4500
001 149775
020 _a8508069618
040 _cEscola São Tomás de Aquino
100 _aAZEVEDO, Ricardo
240 1 0 _aPobre corinthiano careca
_lpor
245 1 0 _aPobre corinthiano careca
300 _a109
362 0 _a1998
697 _a*LITERATURA JUVENIL
942 _cBK
999 _c149775
_d149775